000 01061nam0a22002651 4500
001 rc\315855
005 20250621033105.0
035 _a(NLR Aleph) 005549988
090 _a5800275
_c5800275
100 _a20030307d1990 |||y0rusy50 ca
101 0 _arus
102 _aRU
105 _aa |||||||||
200 1 _aРАСЧЕТНО-ОПТИМИЗАЦИОННЫЙ комплекс ДОКАР-М. Исследование модели реактора типа PRISM
_fВ.М. Мурогов, Б.Е. Шумский, С.В. Федоров и др.
210 _aОбнинск
_cФЭИ
_d1990
215 _a18 с.
_cил.
_d20
225 1 _aФизико-энергетический институт, Институт ядерных энергетических реакторов
_vФЭИ-2142
300 _aРез. на англ. яз.
320 _aБиблиогр.: с. 18
701 1 _aМурогов
_bВ.М.
_gВиктор Михайлович
801 0 _aRU
_bNLR
_gpsbo
801 1 _aRU
_bELAR
_2rusmarc
852 _aNLR
_j91-4/1266
942 _cBOOK
980 _aNB